[Event "Gibtelecom ChallWk1 7th"]
[Site "Gibraltar"]
[Date "2009.01.31"]
[Round "5.9"]
[White "Hagesaether, Arne"]
[Black "Haugstad, Espen"]
[Result "0-1"]
[WhiteElo "2184"]
[BlackElo "2114"]
[PlyCount "54"]
[EventDate "2009.01.27"]
[EventType "swiss"]
[EventRounds "5"]
[EventCountry "GGB"]
[SourceTitle "BritBase"]
[Source "www.saund.co.uk"]
[SourceDate "2018.02.10"]
[SourceVersion "1"]
[SourceVersionDate "2018.02.10"]
[SourceQuality "1"]

1. e4 c5 2. Nc3 Nc6 3. f4 g6 4. Nf3 Bg7 5. Bc4 e6 6. f5 Nge7 7. fxe6 dxe6 8. d3
O-O 9. a3 a6 10. O-O b5 11. Ba2 Nd4 12. Kh1 Bb7 13. Nxd4 cxd4 14. Ne2 Rc8 15.
Bd2 Nc6 16. Rc1 Qd7 17. Qe1 Ne5 18. h3 Kh8 19. Nf4 Rfe8 20. Rf2 Rc6 21. Bb3 f6
22. Qe2 Nf7 23. Rcf1 Nd6 24. Qg4 f5 25. Qh4 Qf7 26. Nxe6 Rxe6 27. Qd8+ Qe8 0-1

[Event "Gibtelecom ChallWk1 7th"]
[Site "Gibraltar"]
[Date "2009.01.31"]
[Round "5.10"]
[White "Vinas Guerrero, Carlos A"]
[Black "Wheldon, Philip"]
[Result "1-0"]
[WhiteElo "2104"]
[BlackElo "2094"]
[PlyCount "70"]
[EventDate "2009.01.27"]
[EventType "swiss"]
[EventRounds "5"]
[EventCountry "GGB"]
[SourceTitle "BritBase"]
[Source "www.saund.co.uk"]
[SourceDate "2018.02.10"]
[SourceVersion "1"]
[SourceVersionDate "2018.02.10"]
[SourceQuality "1"]

1. e4 c5 2. Nf3 d6 3. Nc3 Nc6 4. d4 cxd4 5. Nxd4 Nf6 6. Be2 e5 7. Nb3 Be7 8.
O-O O-O 9. Bf3 Be6 10. Re1 a5 11. Nd5 a4 12. Nd2 Bxd5 13. exd5 Nd4 14. c3 Nxf3+
15. Qxf3 Qa5 16. c4 Rfc8 17. Rd1 b5 18. b3 bxc4 19. bxc4 Nd7 20. Ba3 Rab8 21.
g3 Rf8 22. Ne4 Qc7 23. c5 Qa5 24. cxd6 Bd8 25. Qf5 Qa7 26. Rac1 g6 27. Qf3 f5
28. Nc5 e4 29. Qe2 Bg5 30. Rc2 Nxc5 31. Bxc5 Qd7 32. f3 Rfe8 33. f4 Bd8 34. Qa6
Bf6 35. Qc6 Red8 1-0

[Event "Gibtelecom ChallWk1 7th"]
[Site "Gibraltar"]
[Date "2009.01.31"]
[Round "5.11"]
[White "Pali, Gabor"]
[Black "Urbina Perez, Juan Antonio"]
[Result "0-1"]
[WhiteElo "2048"]
[BlackElo "2215"]
[PlyCount "48"]
[EventDate "2009.01.27"]
[EventType "swiss"]
[EventRounds "5"]
[EventCountry "GGB"]
[SourceTitle "BritBase"]
[Source "www.saund.co.uk"]
[SourceDate "2018.02.10"]
[SourceVersion "1"]
[SourceVersionDate "2018.02.10"]
[SourceQuality "1"]

1. d4 Nf6 2. c4 e6 3. Nf3 b6 4. a3 Bb7 5. Nc3 d5 6. e3 Bd6 7. Be2 O-O 8. Qc2 a6
9. O-O Nbd7 10. Nd2 c5 11. Bf3 Qc7 12. g3 cxd4 13. exd4 Rac8 14. cxd5 Nxd5 15.
Qd3 Nxc3 16. Bxb7 Ne2+ 17. Qxe2 Qxb7 18. Nc4 Bb8 19. Bg5 Qd5 20. Be7 Rfe8 21.
Nxb6 Nxb6 22. Qxa6 Bc7 23. Bc5 Nc4 24. f3 Ra8 0-1

[Event "Gibtelecom ChallWk1 7th"]
[Site "Gibraltar"]
[Date "2009.01.31"]
[Round "5.12"]
[White "Perez Aleman, Pedro Tomas"]
[Black "Gandrud, Vegar Koi"]
[Result "0-1"]
[WhiteElo "2160"]
[BlackElo "2046"]
[PlyCount "78"]
[EventDate "2009.01.27"]
[EventType "swiss"]
[EventRounds "5"]
[EventCountry "GGB"]
[SourceTitle "BritBase"]
[Source "www.saund.co.uk"]
[SourceDate "2018.02.10"]
[SourceVersion "1"]
[SourceVersionDate "2018.02.10"]
[SourceQuality "1"]

1. c4 e6 2. g3 d5 3. Bg2 c6 4. Qc2 Nf6 5. Nf3 Bd6 6. O-O O-O 7. d4 Nbd7 8. b3
Ne4 9. Bb2 f5 10. Ne5 Nxe5 11. dxe5 Be7 12. Nc3 Bd7 13. Rad1 Rc8 14. e3 Qc7 15.
Ne2 a6 16. f3 Ng5 17. h4 Nf7 18. f4 Nh6 19. Bf3 Rfd8 20. Nd4 b6 21. Rc1 Qb7 22.
Qg2 Ng4 23. Bxg4 fxg4 24. f5 c5 25. Nxe6 Bxe6 26. fxe6 Qc6 27. cxd5 Rxd5 28.
Rf7 Re8 29. Rcf1 Qxe6 30. Qf2 b5 31. Qf5 Qxf5 32. R1xf5 Rd3 33. e6 Rd1+ 34. Kg2
Rd2+ 35. Rf2 Rxf2+ 36. Kxf2 Rf8 37. Bxg7 Rxf7+ 38. exf7+ Kxg7 39. Ke2 Kxf7 0-1

[Event "Gibtelecom ChallWk1 7th"]
[Site "Gibraltar"]
[Date "2009.01.31"]
[Round "5.13"]
[White "Hamer, Martyn"]
[Black "Machin Arbelo, Pedro Alexi"]
[Result "1-0"]
[WhiteElo "2022"]
[BlackElo "2134"]
[PlyCount "117"]
[EventDate "2009.01.27"]
[EventType "swiss"]
[EventRounds "5"]
[EventCountry "GGB"]
[SourceTitle "BritBase"]
[Source "www.saund.co.uk"]
[SourceDate "2018.02.10"]
[SourceVersion "1"]
[SourceVersionDate "2018.02.10"]
[SourceQuality "1"]

1. e4 c5 2. Nf3 e6 3. d4 cxd4 4. Nxd4 Nf6 5. Nc3 Bb4 6. e5 Nd5 7. Bd2 Bxc3 8.
bxc3 O-O 9. Bd3 d6 10. Qe2 dxe5 11. Qxe5 Nd7 12. Qh5 N7f6 13. Qh4 e5 14. Ne2
Re8 15. O-O e4 16. Bb5 Bd7 17. c4 Bxb5 18. cxb5 Nc7 19. Rfd1 Nxb5 20. Rab1 Nd6
21. Bf4 Nf5 22. Rxd8 Nxh4 23. Rxa8 Rxa8 24. Rxb7 Rd8 25. Rb8 Rxb8 26. Bxb8 a6
27. Nd4 Kf8 28. c4 Ke8 29. c5 Kd7 30. c6+ Kc8 31. Bg3 Ng6 32. Nf5 Ne8 33. Kf1
f6 34. Ke2 Ne5 35. Bxe5 fxe5 36. Ke3 Nf6 37. Nxg7 Kc7 38. h3 Kxc6 39. g4 Kc5
40. g5 Nd7 41. Kxe4 Kb4 42. h4 a5 43. h5 a4 44. Ne6 Ka3 45. g6 Kxa2 46. g7 Nf6+
47. Kxe5 Ng8 48. Nd4 Kb2 49. Nb5 Kb3 50. f4 Kc4 51. Na3+ Kb3 52. f5 Kxa3 53. f6
Nh6 54. Ke6 Kb2 55. f7 a3 56. g8=Q Nxg8 57. fxg8=Q a2 58. Qxh7 a1=Q 59. Qg7+
1-0

[Event "Gibtelecom ChallWk1 7th"]
[Site "Gibraltar"]
[Date "2009.01.31"]
[Round "5.14"]
[White "Almond, Richard J"]
[Black "Pendlebury, Ian G"]
[Result "1/2-1/2"]
[WhiteElo "2126"]
[BlackElo "2016"]
[PlyCount "76"]
[EventDate "2009.01.27"]
[EventType "swiss"]
[EventRounds "5"]
[EventCountry "GGB"]
[SourceTitle "BritBase"]
[Source "www.saund.co.uk"]
[SourceDate "2018.02.10"]
[SourceVersion "1"]
[SourceVersionDate "2018.02.10"]
[SourceQuality "1"]

1. d4 d5 2. c4 c6 3. Nf3 Nf6 4. Nc3 dxc4 5. a4 Bf5 6. e3 e6 7. Bxc4 Nbd7 8. O-O
Be7 9. Nh4 Bg4 10. Be2 Bxe2 11. Qxe2 O-O 12. Nf3 Qc7 13. e4 e5 14. Bg5 exd4 15.
Nxd4 Bb4 16. Rac1 Bxc3 17. bxc3 Qe5 18. Bxf6 Nxf6 19. f3 Rfd8 20. Qc4 c5 21.
Nb3 b6 22. Rfd1 h6 23. Na1 Qc7 24. Nc2 Rxd1+ 25. Rxd1 Rd8 26. Qe2 Rd7 27. Ne3
Qd8 28. Rxd7 Qxd7 29. Qc2 a6 30. Kf2 b5 31. axb5 axb5 32. Ke2 Qc7 33. Qb3 Qa5
34. Nc2 Kf8 35. Na3 b4 36. Nc4 Qb5 37. Kf2 Ne8 38. Ne5 Qb7 1/2-1/2

[Event "Gibtelecom ChallWk1 7th"]
[Site "Gibraltar"]
[Date "2009.01.31"]
[Round "5.15"]
[White "Navarro Perez, Manuel"]
[Black "Pettersen, Joar Gullestad"]
[Result "0-1"]
[WhiteElo "2097"]
[BlackElo "2016"]
[PlyCount "64"]
[EventDate "2009.01.27"]
[EventType "swiss"]
[EventRounds "5"]
[EventCountry "GGB"]
[SourceTitle "BritBase"]
[Source "www.saund.co.uk"]
[SourceDate "2018.02.10"]
[SourceVersion "1"]
[SourceVersionDate "2018.02.10"]
[SourceQuality "1"]

1. e4 c5 2. Nc3 e6 3. f4 a6 4. a4 d5 5. Nf3 Nf6 6. e5 Ng8 7. g3 h5 8. Qe2 Nc6
9. Bg2 Nge7 10. Nd1 Nf5 11. c3 Bd7 12. Ne3 Nce7 13. d3 Nxe3 14. Bxe3 Nf5 15.
Bf2 g6 16. O-O Be7 17. h3 Kf8 18. Kh2 Kg7 19. Rfd1 b5 20. axb5 axb5 21. c4 bxc4
22. dxc4 Rxa1 23. Rxa1 dxc4 24. Rd1 Qc7 25. Qxc4 Bc6 26. b4 Qb7 27. Ne1 Bxg2
28. Nxg2 cxb4 29. Rb1 Rd8 30. Rb2 Rd1 31. Bc5 h4 32. g4 Qf3 0-1

[Event "Gibtelecom ChallWk1 7th"]
[Site "Gibraltar"]
[Date "2009.01.31"]
[Round "5.16"]
[White "Ercan, Mehmet Fahri"]
[Black "Bryn, Askild"]
[Result "1/2-1/2"]
[WhiteElo "2091"]
[BlackElo "2006"]
[PlyCount "23"]
[EventDate "2009.01.27"]
[EventType "swiss"]
[EventRounds "5"]
[EventCountry "GGB"]
[SourceTitle "BritBase"]
[Source "www.saund.co.uk"]
[SourceDate "2018.02.10"]
[SourceVersion "1"]
[SourceVersionDate "2018.02.10"]
[SourceQuality "1"]

1. e4 c5 2. Nf3 Nc6 3. d4 cxd4 4. Nxd4 e5 5. Nb5 h6 6. c4 Nf6 7. N1c3 a6 8.
Nd6+ Bxd6 9. Qxd6 Qe7 10. Qxe7+ Nxe7 11. Be3 d6 12. Be2 1/2-1/2

[Event "Gibtelecom ChallWk1 7th"]
[Site "Gibraltar"]
[Date "2009.01.31"]
[Round "5.17"]
[White "Horton-Kitchlew, Andrew"]
[Black "Beltran Medina, Jorge"]
[Result "0-1"]
[WhiteElo "2084"]
[BlackElo "2006"]
[PlyCount "53"]
[EventDate "2009.01.27"]
[EventType "swiss"]
[EventRounds "5"]
[EventCountry "GGB"]
[SourceTitle "BritBase"]
[Source "www.saund.co.uk"]
[SourceDate "2018.02.10"]
[SourceVersion "1"]
[SourceVersionDate "2018.02.10"]
[SourceQuality "1"]

1. d4 f5 2. e4 fxe4 3. f3 d5 4. fxe4 dxe4 5. Qh5+ g6 6. Qe5 Nf6 7. Bf4 Bg7 8.
Bc4 Nc6 9. Qb5 e6 10. c3 O-O 11. Bg5 h6 12. Bxf6 Qxf6 13. Nh3 Qh4+ 14. Kd2 Kh7
15. Na3 a6 16. Qc5 Bd7 17. Nc2 b6 18. Qa3 e5 19. Bd5 exd4 20. Nxd4 Nxd4 21.
cxd4 Rad8 22. Bb7 Bxh3 23. Qxh3 Qf2+ 24. Kc1 Bxd4 25. Qb3 e3 26. Bxa6 e2 27.
Qb4 0-1

[Event "Gibtelecom ChallWk1 7th"]
[Site "Gibraltar"]
[Date "2009.01.31"]
[Round "5.18"]
[White "Bucknell, Malcolm Gordon"]
[Black "Helin, Mikael"]
[Result "1-0"]
[WhiteElo "2064"]
[BlackElo "1974"]
[PlyCount "65"]
[EventDate "2009.01.27"]
[EventType "swiss"]
[EventRounds "5"]
[EventCountry "GGB"]
[SourceTitle "BritBase"]
[Source "www.saund.co.uk"]
[SourceDate "2018.02.10"]
[SourceVersion "1"]
[SourceVersionDate "2018.02.10"]
[SourceQuality "1"]

1. e4 c5 2. Nc3 a6 3. g3 e6 4. Bg2 Ne7 5. Nge2 Ng6 6. a4 Nc6 7. O-O h5 8. d4
cxd4 9. Nxd4 Qc7 10. Nxc6 dxc6 11. Be3 Be7 12. a5 e5 13. Bb6 Qb8 14. Qe2 Be6
15. Rad1 Qc8 16. Rd2 h4 17. f4 hxg3 18. hxg3 Bg4 19. Qe3 exf4 20. gxf4 Nh4 21.
Qg3 f5 22. exf5 Qxf5 23. Re1 Kf7 24. Re5 Qg6 25. Rxe7+ Kxe7 26. Ne4 Kf8 27. Ng5
Bf3 28. Bxf3 Re8 29. Bc5+ Kg8 30. Be2 Rh5 31. Qg4 Rxe2 32. Rxe2 Kh8 33. Qc8+
1-0

[Event "Gibtelecom ChallWk1 7th"]
[Site "Gibraltar"]
[Date "2009.01.31"]
[Round "5.19"]
[White "Madland, Kristoffer"]
[Black "Haug, Marianne Wold"]
[Result "0-1"]
[WhiteElo "1992"]
[BlackElo "1935"]
[PlyCount "32"]
[EventDate "2009.01.27"]
[EventType "swiss"]
[EventRounds "5"]
[EventCountry "GGB"]
[SourceTitle "BritBase"]
[Source "www.saund.co.uk"]
[SourceDate "2018.02.10"]
[SourceVersion "1"]
[SourceVersionDate "2018.02.10"]
[SourceQuality "1"]

1. e4 c5 2. Nf3 g6 3. d4 cxd4 4. Nxd4 Nc6 5. Nc3 Bg7 6. Be3 Nf6 7. Bc4 Qa5 8.
O-O O-O 9. Bb3 d6 10. f3 Bd7 11. Qd2 Rfe8 12. Rad1 Rac8 13. Nxc6 bxc6 14. Bd4
c5 15. Bxf6 Bxf6 16. Qd3 c4 0-1

[Event "Gibtelecom ChallWk1 7th"]
[Site "Gibraltar"]
[Date "2009.01.31"]
[Round "5.20"]
[White "Skage, Oystein Aagedal"]
[Black "Guerrero Beret, Jesus"]
[Result "1-0"]
[WhiteElo "1925"]
[BlackElo "1964"]
[PlyCount "58"]
[EventDate "2009.01.27"]
[EventType "swiss"]
[EventRounds "5"]
[EventCountry "GGB"]
[SourceTitle "BritBase"]
[Source "www.saund.co.uk"]
[SourceDate "2018.02.10"]
[SourceVersion "1"]
[SourceVersionDate "2018.02.10"]
[SourceQuality "1"]

1. e4 Nf6 2. e5 Nd5 3. d4 d6 4. Nf3 Bg4 5. Be2 Nc6 6. c4 Nb6 7. exd6 exd6 8.
O-O Qd7 9. d5 Ne7 10. b3 Qf5 11. Nd4 Bxe2 12. Qxe2 Qe5 13. Be3 O-O-O 14. a4 Nf5
15. Nxf5 Qxf5 16. a5 Nd7 17. Bxa7 g5 18. Bd4 Rg8 19. a6 b6 20. Qa2 Nc5 21. Bxc5
Bg7 22. Be3 Bxa1 23. Qxa1 Qd7 24. b4 f5 25. c5 dxc5 26. bxc5 bxc5 27. Nc3 f4
28. Rb1 fxe3 29. a7 exf2+ 1-0

[Event "Gibtelecom ChallWk1 7th"]
[Site "Gibraltar"]
[Date "2009.01.31"]
[Round "5.22"]
[White "Ribon Calabia, Mariano"]
[Black "Lyons, Brendan"]
[Result "1-0"]
[WhiteElo "1864"]
[BlackElo "2060"]
[PlyCount "43"]
[EventDate "2009.01.27"]
[EventType "swiss"]
[EventRounds "5"]
[EventCountry "GGB"]
[SourceTitle "BritBase"]
[Source "www.saund.co.uk"]
[SourceDate "2018.02.10"]
[SourceVersion "1"]
[SourceVersionDate "2018.02.10"]
[SourceQuality "1"]

1. e4 c5 2. Nc3 e6 3. Nf3 d6 4. d4 cxd4 5. Nxd4 Nc6 6. Bb5 Bd7 7. O-O a6 8.
Nxc6 bxc6 9. Bd3 g6 10. Bf4 e5 11. Be3 Qa5 12. f4 Bg7 13. Bc4 exf4 14. Rxf4 Bh6
15. Bxf7+ Ke7 16. Bb3 Bxf4 17. Bxf4 Qb6+ 18. Kh1 Qc7 19. Qd4 Nf6 20. Rd1 c5 21.
Bxd6+ Ke8 22. Qxf6 1-0

[Event "Gibtelecom ChallWk1 7th"]
[Site "Gibraltar"]
[Date "2009.01.31"]
[Round "5.23"]
[White "Kouchak, Jason"]
[Black "Palacios Pena, Gerardo"]
[Result "0-1"]
[WhiteElo "1960"]
[BlackElo "1850"]
[PlyCount "41"]
[EventDate "2009.01.27"]
[EventType "swiss"]
[EventRounds "5"]
[EventCountry "GGB"]
[SourceTitle "BritBase"]
[Source "www.saund.co.uk"]
[SourceDate "2018.02.10"]
[SourceVersion "1"]
[SourceVersionDate "2018.02.10"]
[SourceQuality "1"]

1. d4 c6 2. Nf3 Nf6 3. c3 g6 4. Bg5 Bg7 5. Bxf6 Bxf6 6. Nbd2 d5 7. e3 Qb6 8.
Qb3 Nd7 9. Bd3 O-O 10. Qc2 Re8 11. h4 e5 12. dxe5 Nxe5 13. Nxe5 Bxe5 14. Nf3
Bg7 15. h5 c5 16. hxg6 hxg6 17. Qa4 Be6 18. Ng5 Qxb2 19. O-O c4 20. Nxe6 Rxe6
21. Bc2 {illegible} 0-1

[Event "Gibtelecom ChallWk1 7th"]
[Site "Gibraltar"]
[Date "2009.01.31"]
[Round "5.24"]
[White "Gravett, Alan D"]
[Black "Dunlop, Anthony"]
[Result "1-0"]
[WhiteElo "1869"]
[BlackElo "1588"]
[PlyCount "75"]
[EventDate "2009.01.27"]
[EventType "swiss"]
[EventRounds "5"]
[EventCountry "GGB"]
[SourceTitle "BritBase"]
[Source "www.saund.co.uk"]
[SourceDate "2018.02.10"]
[SourceVersion "1"]
[SourceVersionDate "2018.02.10"]
[SourceQuality "1"]

1. g3 d5 2. Nf3 Nf6 3. Bg2 c6 4. b3 Bf5 5. Ba3 Nbd7 6. O-O Qc7 7. c4 e6 8. Bxf8
Nxf8 9. d4 N8d7 10. Nbd2 h6 11. cxd5 exd5 12. Re1 O-O 13. Qc1 Ne4 14. b4 Ndf6
15. Ne5 Qb6 16. Nxe4 dxe4 17. Qc5 Qxc5 18. bxc5 Nd5 19. g4 Bh7 20. e3 f6 21.
Nc4 Rf7 22. Rab1 Rc7 23. Rb3 Re8 24. Reb1 Ree7 25. Ra3 b5 26. cxb6 Nxb6 27.
Nxb6 axb6 28. Rxb6 c5 29. d5 Red7 30. Bf1 Kf7 31. d6 Rb7 32. Bc4+ Kg6 33. Rab3
Rxb6 34. Rxb6 Kg5 35. Rc6 Bg6 36. Be6 Rb7 37. d7 Kh4 38. Kg2 1-0

[Event "Gibtelecom ChallWk1 7th"]
[Site "Gibraltar"]
[Date "2009.01.31"]
[Round "5.25"]
[White "Quinn, Joseph"]
[Black "Dickens, Rupert"]
[Result "0-1"]
[WhiteElo "1835"]
[BlackElo "1872"]
[PlyCount "60"]
[EventDate "2009.01.27"]
[EventType "swiss"]
[EventRounds "5"]
[EventCountry "GGB"]
[SourceTitle "BritBase"]
[Source "www.saund.co.uk"]
[SourceDate "2018.02.10"]
[SourceVersion "1"]
[SourceVersionDate "2018.02.10"]
[SourceQuality "1"]

1. e4 c5 2. Nf3 d6 3. d4 cxd4 4. Nxd4 Nf6 5. Nc3 g6 6. Be2 Bg7 7. Be3 O-O 8.
O-O Nc6 9. Kh1 a6 10. a4 Bd7 11. f4 Nxd4 12. Bxd4 Bc6 13. Bf3 Qa5 14. e5 dxe5
15. Bxe5 Rfd8 16. Qe2 Rac8 17. Rad1 Bxf3 18. Qxf3 Qb4 19. b3 e6 20. Rfe1 h5 21.
h3 Ne8 22. Rxd8 Rxd8 23. Bxg7 Nxg7 24. Rd1 Rxd1+ 25. Nxd1 Qe1+ 26. Kh2 Nf5 27.
Nf2 Nd4 28. Qxb7 Qxf2 29. Qb8+ Kh7 30. Kh1 Ne2 0-1

[Event "Gibtelecom ChallWk1 7th"]
[Site "Gibraltar"]
[Date "2009.01.31"]
[Round "5.26"]
[White "Manetto, Luis"]
[Black "Loberg, Jo Kristian"]
[Result "0-1"]
[WhiteElo "1602"]
[BlackElo "1923"]
[PlyCount "84"]
[EventDate "2009.01.27"]
[EventType "swiss"]
[EventRounds "5"]
[EventCountry "GGB"]
[SourceTitle "BritBase"]
[Source "www.saund.co.uk"]
[SourceDate "2018.02.10"]
[SourceVersion "1"]
[SourceVersionDate "2018.02.10"]
[SourceQuality "1"]

1. e4 c5 2. Nf3 d6 3. d4 cxd4 4. Nxd4 Nf6 5. Nc3 a6 6. Be2 e5 7. Nb3 Be6 8. Be3
Be7 9. Qd2 Nbd7 10. f3 Rc8 11. a4 O-O 12. a5 Qc7 13. O-O Rfd8 14. Rac1 Bxb3 15.
cxb3 Qxa5 16. Nd5 Qxd2 17. Nxe7+ Kf8 18. Ng6+ hxg6 19. Bxd2 Ke7 20. Bb4 g5 21.
Rfd1 Ne8 22. Bc4 Nf8 23. Bd5 Rxc1 24. Rxc1 Rd7 25. Bd2 f6 26. Rc8 b5 27. Bc6
Rd8 28. Rxd8 Kxd8 29. Bb7 Nc7 30. Ba5 Kd7 31. Bxc7 Kxc7 32. Bxa6 Kb6 33. Bc8
Kc5 34. Kf2 Kb4 35. Ba6 Ne6 36. Ke3 Nc5 37. Bc8 Kxb3 38. g3 Kxb2 39. h4 gxh4
40. gxh4 Kc3 41. Bh3 b4 42. Ke2 b3 0-1

[Event "Gibtelecom ChallWk2 7th"]
[Site "Gibraltar"]
[Date "2009.02.01"]
[Round "1.1"]
[White "Obiamiwe, Paul"]
[Black "Natalicchio Escalante, Nicolas"]
[Result "1-0"]
[WhiteElo "2035"]
[BlackElo "2238"]
[PlyCount "111"]
[EventDate "2009.02.01"]
[EventType "swiss"]
[EventRounds "5"]
[EventCountry "GGB"]
[SourceTitle "BritBase"]
[Source "www.saund.co.uk"]
[SourceDate "2018.02.10"]
[SourceVersion "1"]
[SourceVersionDate "2018.02.10"]
[SourceQuality "1"]

1. Nf3 Nf6 2. c4 c5 3. Nc3 Nc6 4. e4 d6 5. h3 g6 6. d4 cxd4 7. Nxd4 Bg7 8. Be3
O-O 9. Be2 Nxd4 10. Bxd4 Nd7 11. Bxg7 Kxg7 12. Qd4+ Kg8 13. O-O Nb8 14. Rad1
Nc6 15. Qd2 Qa5 16. Kh1 Be6 17. f4 Qc5 18. b3 f5 19. Bf3 fxe4 20. Nxe4 Qb4 21.
Qe3 Bf5 22. Nc3 Rae8 23. Nd5 Qc5 24. Qd2 Nd8 25. Rfe1 e6 26. Nc3 e5 27. fxe5
dxe5 28. Qh6 Nc6 29. Bd5+ Be6 30. Ne4 Qe7 31. Ng5 Bxd5 32. cxd5 Nd8 33. Rxe5
Qg7 34. Qxg7+ Kxg7 35. Rxe8 Rxe8 36. Rd2 h6 37. Nf3 Kf6 38. Kg1 Nf7 39. Kf2 Rd8
40. Ke3 Nd6 41. g4 Re8+ 42. Kd3 h5 43. Rf2 Ne4 44. Rf1 Ng3 45. Rf2 Ne4 46. Rc2
Nd6 47. a3 hxg4 48. hxg4 Rd8 49. Re2 Kf7 50. a4 Nc8 51. Kd4 Ne7 52. Ng5+ Kf6
53. Nh7+ Kf7 54. Ng5+ Ke8 55. Re5 Rd6 56. Ne4 1-0

[Event "Gibtelecom ChallWk2 7th"]
[Site "Gibraltar"]
[Date "2009.02.01"]
[Round "1.2"]
[White "Urbina Perez, Juan Antonio"]
[Black "Suez-Panama, Gilles"]
[Result "1/2-1/2"]
[WhiteElo "2215"]
[BlackElo "2032"]
[PlyCount "60"]
[EventDate "2009.02.01"]
[EventType "swiss"]
[EventRounds "5"]
[EventCountry "GGB"]
[SourceTitle "BritBase"]
[Source "www.saund.co.uk"]
[SourceDate "2018.02.10"]
[SourceVersion "1"]
[SourceVersionDate "2018.02.10"]
[SourceQuality "1"]

1. e4 e6 2. d4 d5 3. Nd2 Nf6 4. e5 Nfd7 5. Bd3 c5 6. c3 Nc6 7. Ne2 cxd4 8. cxd4
f6 9. exf6 Qxf6 10. Nf3 h6 11. O-O Bd6 12. Ng3 O-O 13. Nh5 Qe7 14. Re1 Qf7 15.
Ng3 Rd8 16. Qc2 Nf8 17. Ne5 Bxe5 18. dxe5 Nb4 19. Qb3 Nxd3 20. Qxd3 Bd7 21. Ne2
Rac8 22. Nd4 Qg6 23. Qb3 Rc4 24. Be3 b6 25. Rac1 Rdc8 26. Rxc4 Rxc4 27. Qa3 Ra4
28. Qb3 Rc4 29. Qa3 Ra4 30. Qb3 Rc4 1/2-1/2

[Event "Gibtelecom ChallWk2 7th"]
[Site "Gibraltar"]
[Date "2009.02.01"]
[Round "1.3"]
[White "Brown, Thomas"]
[Black "Daoudi, Kamal"]
[Result "1-0"]
[WhiteElo "2027"]
[BlackElo "2209"]
[PlyCount "110"]
[EventDate "2009.02.01"]
[EventType "swiss"]
[EventRounds "5"]
[EventCountry "GGB"]
[SourceTitle "BritBase"]
[Source "www.saund.co.uk"]
[SourceDate "2018.02.10"]
[SourceVersion "1"]
[SourceVersionDate "2018.02.10"]
[SourceQuality "1"]

1. d4 Nf6 2. c4 e6 3. Nc3 d5 4. Nf3 c6 5. e3 Nbd7 6. Bd3 dxc4 7. Bxc4 b5 8. Bd3
a6 9. e4 c5 10. e5 cxd4 11. Nxb5 axb5 12. exf6 gxf6 13. O-O Qb6 14. Qe2 Ba6 15.
Rd1 Nc5 16. Nxd4 Nxd3 17. Qxd3 Rg8 18. g3 b4 19. Qxh7 Rg4 20. Be3 Bb7 21. Qd3
Ba6 22. Qc2 Bb7 23. Rac1 Qa6 24. Qc7 Bd6 25. Nxe6 Bxc7 26. Nxc7+ Kf8 27. Nxa6
Rxa6 28. h3 Re4 29. Rc7 Bc6 30. g4 Bb5 31. Rd8+ Re8 32. Bc5+ Kg7 33. Rxe8 Bxe8
34. Bxb4 Rxa2 35. Bc3 Kg6 36. Rc5 Bd7 37. Kh2 f5 38. Kg3 Ra1 39. Rc7 Be6 40.
gxf5+ Kxf5 41. b4 Rh1 42. Rc5+ Ke4 43. Kg2 Rb1 44. h4 Bg4 45. h5 Bf3+ 46. Kg3
Rg1+ 47. Kh4 Rg4+ 48. Kh3 Rg1 49. Be5 Rg5 50. Bd6 f5 51. Rc4+ Kd5 52. Rh4 Rg1
53. Bh2 Bg4+ 54. Rxg4 Rxg4 55. h6 Rg8 1-0

[Event "Gibtelecom ChallWk2 7th"]
[Site "Gibraltar"]
[Date "2009.02.01"]
[Round "1.4"]
[White "Kandic, Milan"]
[Black "Dasaolu, Adeoye"]
[Result "1/2-1/2"]
[WhiteElo "2208"]
[BlackElo "2024"]
[PlyCount "96"]
[EventDate "2009.02.01"]
[EventType "swiss"]
[EventRounds "5"]
[EventCountry "GGB"]
[SourceTitle "BritBase"]
[Source "www.saund.co.uk"]
[SourceDate "2018.02.10"]
[SourceVersion "1"]
[SourceVersionDate "2018.02.10"]
[SourceQuality "1"]

1. d4 Nf6 2. Nc3 d5 3. Bg5 Bf5 4. Nf3 e6 5. Nh4 h6 6. Nxf5 hxg5 7. Ng3 Bd6 8.
Qd3 a6 9. e4 Bxg3 10. fxg3 Nxe4 11. Nxe4 dxe4 12. Qxe4 Qd5 13. Qxd5 exd5 14.
Bd3 Nc6 15. c3 Rh6 16. O-O-O Ke7 17. Rde1+ Re6 18. Bf5 Rxe1+ 19. Rxe1+ Kd6 20.
h4 gxh4 21. gxh4 Rh8 22. g3 Ne7 23. Bd3 Rh6 24. Rf1 Ke6 25. Be2 f5 26. h5 g6
27. g4 gxh5 28. gxh5 Kf6 29. Kd2 Kg7 30. Bd1 Re6 31. Bc2 Rb6 32. b3 Rf6 33. Ke3
Kh6 34. Bd1 Re6+ 35. Kd3 Kg5 36. Kd2 Re4 37. Rh1 Kh6 38. Bf3 Re6 39. c4 c6 40.
Rg1 b6 41. Rg2 a5 42. Rg1 Kh7 43. Rc1 Kh6 44. Rg1 Kh7 45. Rg3 Kh6 46. Rg2 Kh7
47. Rg3 Kh6 48. Rg1 Kh7 1/2-1/2

[Event "Gibtelecom ChallWk2 7th"]
[Site "Gibraltar"]
[Date "2009.02.01"]
[Round "1.5"]
[White "Hamer, Martyn"]
[Black "Kvisla, Johannes Luangtep"]
[Result "0-1"]
[WhiteElo "2022"]
[BlackElo "2208"]
[PlyCount "78"]
[EventDate "2009.02.01"]
[EventType "swiss"]
[EventRounds "5"]
[EventCountry "GGB"]
[SourceTitle "BritBase"]
[Source "www.saund.co.uk"]
[SourceDate "2018.02.10"]
[SourceVersion "1"]
[SourceVersionDate "2018.02.10"]
[SourceQuality "1"]

1. e4 c6 2. d4 d5 3. e5 Nh6 4. Nf3 Bg4 5. c3 g6 6. Be2 f6 7. exf6 exf6 8. O-O
Bg7 9. Re1 O-O 10. Nbd2 Nf7 11. Nf1 Re8 12. Be3 Nd7 13. h3 Be6 14. Ng3 Qe7 15.
Bf1 Qf8 16. Qd2 Nd6 17. b3 Bf7 18. Rad1 a5 19. a4 Ne4 20. Qc2 Nxg3 21. fxg3 Nb6
22. g4 Nc8 23. Bf4 Be6 24. Bd3 Nd6 25. Re2 Bf7 26. Rde1 Rxe2 27. Rxe2 Rc8 28.
g5 f5 29. Be5 Ne4 30. Bxg7 Kxg7 31. Bxe4 dxe4 32. Ne5 Be6 33. c4 Qd8 34. Qd2
Kg8 35. h4 Qd6 36. Qc3 Rd8 37. Rd2 f4 38. Kf1 e3 39. Rd1 Qxe5 0-1